Securing gas supply using underground storage

Možnosť skladovania podzemnej energie po liberalizácii energetického trhu v EÚ. Popis skladu energie Gajary - Báden. Podzemné skladovanie v SR a zákon o regulácii sieťových odvetví. Skladiská zemného plynu v EÚ.

Salvato in:
Dettagli Bibliografici
Autore principale: Bašová, Alena, 1961-
Natura: Capitolo di libro
Lingua:inglese
Soggetti:
Tags: Aggiungi Tag
Nessun Tag, puoi essere il primo ad aggiungerne!!

MARC

LEADER 00000naa a2200000 4500
001 0214775
005 20240502073605.1
041 0 |a eng 
044 |a SK 
245 1 0 |a Securing gas supply using underground storage  |c Alena Bašová 
520 |a Možnosť skladovania podzemnej energie po liberalizácii energetického trhu v EÚ. Popis skladu energie Gajary - Báden. Podzemné skladovanie v SR a zákon o regulácii sieťových odvetví. Skladiská zemného plynu v EÚ. 
610 2 0 |a plyn zemný 
610 2 0 |a zásoby skladové 
610 2 0 |a skladovanie 
610 2 0 |a bezpečnosť energetická 
610 2 0 |a trh energetický 
610 2 0 |a závislosť energetická 
100 1 |a Bašová, Alena, 1961-